Normal view
MARC view
- Falcó de la Cierva, Duarte
Entry Nombre Personal
001 - NUMERO DE CONTROL
- campo de control: 49712
003 - IDENTIFICADOR DE NUMERO DE CONTROL
- campo de control: MX-MxUPN
005 - FECHA Y HORA DE LA ÜLTIMA TRANSACCIÓN
- campo de control: 20230814123341.0
008 - DATOS DE LONGITUD FIJA
- campo de control de longitud fija: 230814|| aca||aabn | a|a d
040 ## - FUENTE DE CATALOGACIÓN
- Agencia original de catalogación: MX-MxUPN
- Lenguaje de catalogación: spa
- Agencia de transcripción: MX-MxUPN
100 1# - ENCABEZAMIENTO - NOMBRE PERSONAL
- Nombre personal: Falcó de la Cierva, Duarte
670 ## - FUENTE EN LA QUE SE LOCALIZARON DATOS
- Cita de la fuente: Todo lo que necesitas saber sobre el TDAH en la etapa de aprendizaje : introducción al trastorno por déficit de atención e hiperactividad, 2020:
- Información localizada: portada (Duarte Falcó de la Cierva)
902 ## - CATALOGADOR
- Catalogador: Víctor Ruiz/140823
